000 00575nmm a2200169Ia 4500
008 251105s9999||||xx |||||||||||||||||und||
020 _a8497422236
041 _aspa
100 _aSchelling, Friedrich Wilhelm Joseph
245 0 _aEl «Discurso de la Academia» :
_b Sobre la relación de las Artes Plásticas con la Naturaleza (1807)
264 _a[Madrid, España] :
_bBiblioteca Nueva,
_c2004
300 _a160 páginas
490 _aClásicos del pensamiento
650 _aPhilosophy, Ethics
856 _uhttps://public.digitaliapublishing.com/a/5046
942 _cCF
999 _c74111
_d74111